| 000 | 00964nam a2200277 i 4500 | ||
|---|---|---|---|
| 001 | bg | ||
| 245 | 0 | 0 |
_aRaport okresowy Komisji Europejskiej : _bglosariusz / _c[oprac. Anna Gałkiewicz, Jolanta Falkenberg] ; Urząd Komitetu Integracji Europejskiej. Departament Tłumaczeń. |
| 260 |
_aWarszawa : _bUKIE, _ccop. 2001. |
||
| 300 |
_a226, [1] s. ; _c20 cm. |
||
| 500 | _aNa okł. podtyt.: glosariusz angielski, francuski, niemiecki, polski. | ||
| 504 | _aIndeksy. | ||
| 650 | 9 | _aIntegracja europejska | |
| 650 | 9 | _aPrawo | |
| 650 | 9 | _aSłownik wielojęzyczny | |
| 655 | _aSłowniki | ||
| 700 | 1 |
_aGAŁKIEWICZ, Anna. _eOprac. |
|
| 700 | 1 |
_aFALKENBERG, Jolanta. _eOprac. |
|
| 710 | 0 |
_aUrząd Komitetu Integracji Europejskiej _bDepartament Tłumaczeń |
|
| 020 | _a8387913693 | ||
| 040 | _cBPK | ||
| 041 | 0 | _aengfregerpol | |
| 080 | _a327+339+34](4-67)(038)=00 | ||
| 920 | _a83-87913-69-3 | ||
| 942 | _cKS | ||
| 008 | s pl f |000 0 pol | ||
| 999 |
_c42601 _d42601 |
||
| 856 |
_uhttp://koha.tu.koszalin.pl/cgi-bin/koha/opac-detail.pl?biblionumber=42601 _yKatalog online BPK |
||